| Поле | Название | Значение |
| |
Тип записи |
a |
| |
Библиографический уровень |
m |
| 001 |
Контрольный номер |
1df4d5a76117457685adc9120d90725e |
| 005 |
Дата корректировки |
20140709082938.9 |
| 010 |
Индекс ISBN |
__ |
| a |
ISBN |
5-222-09671-8 |
| 101 |
Язык документа |
0_ |
| a |
Язык текста |
rus |
| 102 |
Страна публикации |
__ |
| a |
Страна публикации |
RU |
| 200 |
Заглавие и сведения об ответственности |
1_ |
| a |
Заглавие |
Практикум по внешнеэкономической деятельности предприятий |
| e |
Сведения, относящиеся к заглавию |
учебное пособие |
| f |
Первые сведения об ответственности |
Н.А. Сберегаев |
| 205 |
Сведения об издании |
__ |
| a |
Основные сведения об издании |
4-е изд., перераб. и доп. |
| 210 |
Выходные данные |
1_ |
| a |
Место издания |
Росов н/Д |
| c |
Издательство |
Феникс |
| d |
Дата издания |
2006 |
| 215 |
Физическое описание |
__ |
| a |
Объем |
304 с. |
| 225 |
Серия |
2_ |
| a |
Серия |
Высшее образование |
| 610 |
Ключевые слова |
0_ |
| a |
Ключевые слова |
внешнеэкономческая деятельность |
| a |
Ключевые слова |
коммерческий кредит |
| a |
Ключевые слова |
валютные условия контрактов |
| a |
Ключевые слова |
ценные бумаги |
| a |
Ключевые слова |
страховые платежи |
| a |
Ключевые слова |
лицензионная торговля |
| a |
Ключевые слова |
таможенная стоимость товара |
| 686 |
Индексы других классификаций |
__ |
| a |
Классификационный индекс |
65.298 |
| 2 |
Код системы |
rubbk |
| 700 |
Автор |
_1 |
| a |
Фамилия |
Сберегаев |
| b |
Имя |
Н.А. |
| 801 |
Источник записи |
_0 |
| a |
Страна |
RU |
| b |
Организация |
РУК |
| g |
Правила каталогизации |
PSBO |
| 801 |
Источник записи |
_1 |
| a |
Страна |
RU |
| b |
Организация |
РУК |
| g |
Правила каталогизации |
PSBO |
| 852 |
Данные о местонахождении |
__ |
| i |
Авторский знак |
С 23 |
| j |
Шифр хранения |
ББК 65.298 |
| 901 |
Тип документа |
__ |
| t |
Тип документа |
m |
| 937 |
Технологическая информация |
__ |
| a |
Создатель записи (имя) |
Лобан |
| 938 |
Служебная информация |
__ |
| a |
Название организации |
Дальневосточный филиал |
| 952 |
Тип литературы |
__ |
| b |
Гриф литературы для ВШ |
гриф УМО |
| c |
Вид литературы |
учебное пособие |